书目信息 |
| 题名: |
电机修理工必读
|
|
| 作者: | ;天津市第一机械工业局 主编 | |
| 分册: | ||
| 出版信息: | 天津 天津科学技术出版社 1981 |
|
| 页数: | 392页 | |
| 开本: | 19cm | |
| 丛书名: | 工人技术等级标准自学丛书 | |
| 单 册: | ||
| 中图分类: | TM307 | |
| 科图分类: | ||
| 主题词: | 电机--维修--自学参考资料 | |
| 电子资源: | ||
| ISBN: | ||
| 000 | 00755nam2 2200253 45 | |
| 001 | 0181003778 | |
| 005 | 20060814093325.50 | |
| 010 | @dCNY0.86 | |
| 091 | @a15212.38 | |
| 100 | @a19950615d1981 em y0chiy0121 ea | |
| 101 | 0 | @achi |
| 102 | @aCN@b120000 | |
| 105 | @ay z 000yy | |
| 200 | 10 | @a电机修理工必读@Adian ji gong xiu li bi du@f天津市第一机械工业局主编 |
| 210 | @a天津@c天津科学技术出版社@d1981 | |
| 215 | @a392页@d19cm | |
| 225 | 2 | @a工人技术等级标准自学丛书 |
| 410 | 0 | @120010@a工人技术等级标准自学丛书 |
| 606 | @a电机@x维修@x自学参考资料 | |
| 690 | @aTM307@v3 | |
| 711 | 02 | @a天津市第一机械工业局@Atian jin shi di yi ji xie gong ye ju@4主编 |
| 801 | 0 | @aCN@bTSSF@c20060814 |
| 801 | 2 | @aCN@bNLC@c20060727 |
| 905 | @a10447@dTM307@e32 | |
| 电机修理工必读/天津市第一机械工业局主编.-天津:天津科学技术出版社,1981 |
| 392页;19cm.-(工人技术等级标准自学丛书) |
| ISBN :CNY0.86 |
| ● |
| 相关链接 |
|
|
|
|
正题名:电机修理工必读
索取号:TM307/32
 
预约/预借
| 序号 | 登录号 | 条形码 | 馆藏地/架位号 | 状态 | 备注 |
| 1 | 0438744 | 204387449 | 密集书库/ [索取号:TM307/32] | 在馆 | |
| 2 | 0458083 | 204580836 | 密集书库/ [索取号:TM307/32] | 在馆 |